000 01068nam a2200313 i 4500
001 000046661
003 DO-SdBNP
005 20250925101039.0
007 ta
008 180315s2014 dr a 000 0 spa d
020 _a9789945468304
040 _aDO-SdBNP
_bspa
_cBNPHU
_erda
041 _aspa
082 4 _axxx
_bxxx
_222
100 1 _aCassá, Roberto,
_d1948-
_eautor
_4aut.
_910888
245 1 0 _aGregorio Luperón :
_bel guerrero de la libertad /
_cRoberto Cassá ; ilustraciones, José Mercader.
264 4 _aSanto Domingo :
_bTobogán,
_c©2014.
300 _a66 p.áginas
_bilustraciones ;
_c23 cm.
336 _atexto
_btxt
_2rdacontent
337 _asin mediación
_bn
_2rdamedia
338 _avolumen
_bn
_2rdacarrier
490 1 _aColección Biografías Dominicanas Tobogán ;
590 _aInventariado, 2018/BT
600 1 0 _aLuperón, Gregorio,
_d1839-1897
_9888
651 1 0 _aRepública Dominicana
_xBiografías
_978065
700 1 _aMercaderr, José,
_eilustrador
_4il.
_974625
910 _aDG. Validado. Control de calidad/MAA
942 _2ddc
_cLBS1
999 _c46150
_d46150